|
|
|
|
| LEADER |
00000nab a2200000 a 4500 |
| 001 |
vtls010184854 |
| 003 |
SK-MaSNL |
| 005 |
20260304195236.0 |
| 008 |
250507c2010 xo ||||||||||||00 b|slo |
| 015 |
|
|
|a SNBRB2010/11
|2 snkbucl
|
| 035 |
|
|
|a (uuid)a9b6b2ad-e243-4b84-8968-7146f8fa8245
|
| 035 |
|
|
|a urn:nbn:sk:snk-abc6cu
|
| 035 |
|
|
|a (urnnbn)urn:nbn:sk:snk:ar-003xm9
|
| 038 |
|
|
|a SNKBUCL
|
| 040 |
|
|
|a SNKBUCL
|b slo
|c SNKBUCL
|e AACR2
|
| 041 |
0 |
|
|a slo
|
| 044 |
|
|
|a xo
|c SK
|
| 080 |
|
|
|a 82:929:821.162.4
|2 2001
|
| 080 |
|
|
|a 821.162.4:929
|2 2001
|
| 080 |
|
|
|a 82-051
|2 2001
|
| 080 |
|
|
|a 929 Hakala, Robert
|2 2001
|
| 100 |
1 |
|
|a Brenkus, Radovan,
|d 1974-
|4 ivr
|4 aut
|9 97498
|
| 245 |
1 |
0 |
|a V básni hľadám krásu
|b (rozhovor s básnikom Robertom Hakalom)
|c za rozhovor sa poďakoval Radovan Brenkus
|
| 300 |
|
|
|b Fotogr.
|
| 600 |
1 |
7 |
|a Hakala, Robert,
|d 1958-2025
|2 snkbucl
|9 190046
|
| 655 |
|
7 |
|a rozhovory
|2 snkbucl
|9 31831
|
| 700 |
1 |
|
|a Hakala, Robert,
|d 1958-2025
|4 ive
|9 190046
|
| 773 |
0 |
|
|t Dotyky
|g Roč. XXII, č. 3 (2010), s. 2-6
|x 1210-2210
|
| 850 |
|
|
|a Slovenská národná knižnica
|
| 852 |
|
|
|a Slovenská národná knižnica
|
| 958 |
|
|
|a article15
|
| 958 |
|
|
|a OND
|
| 958 |
|
|
|a LX
|
| 958 |
|
|
|a SK
|
| 958 |
|
|
|a BX
|
| 958 |
|
|
|a EUIPO
|
| 999 |
|
|
|c 3080421
|d 3082351
|